Hate Yourself - TV girl (all lyrics) - Statistiques

Statistiques générales
  • Ce quiz a été pris 27 fois
  • Le résultat moyen est 135 sur 225
Statistiques - réponses
Réponse % Correct
You
94%
you
94%
a
83%
love
83%
hate
78%
me
78%
your
78%
do
72%
Do
72%
go
72%
go...
72%
to
72%
To
72%
Who
72%
who
72%
yourself
72%
any...
67%
anyone
67%
fall
67%
So
67%
start
67%
with
67%
And
61%
and
61%
else
61%
fell
61%
How
61%
how
61%
in
61%
just
61%
just...
61%
long
61%
not
61%
of
61%
someone
61%
straight
61%
Straight
61%
take
61%
Take?
61%
that
61%
the
61%
Wait
61%
you'd
61%
arms
56%
Before
56%
belong
56%
frequently
56%
got
56%
I'll
56%
I'm
56%
it...
56%
it
56%
Saying
56%
saying
56%
they
56%
Thing
56%
think
56%
those
56%
'Till
56%
will
56%
wonder
56%
inside
50%
locked
50%
Tell
50%
comfort
44%
Cruel
44%
I'd
44%
make
44%
one
44%
room
44%
mind
39%
them
39%
when
39%
Does
33%
down,
33%
feeling
33%
gently?
33%
harder?
33%
leave
33%
let
33%
little
33%
longer
33%
out
33%
at
28%
brought
28%
But
28%
drag
28%
ease?
28%
here
28%
linger
28%
only
28%
put
28%
you're
28%
You're
28%
'em
22%
has
22%
Aucun quiz correspondant
Distribution des résultats
% des personnes avec chaque résultat
Percentile par nombre de réponses
Votre historique - résultats
Vous n’avez pas pris ce quiz